Top 5 Songs On To Pimp A Butterfly (Kendrick Lamar) - Statistics

General Stats
  • This quiz has been taken 181 times
    169 since last reset
  • The average score is 4 of 5
Answer Stats
Hint Answer % Correct
480,499,834 Alright
96%
117,806,110 Wesley's Theory
91%
507,135,932 King Kunta
87%
108,495,697 The Blacker the Berry
74%
115,821,948 These Walls
70%
No matching quizzes found
Score Distribution
Percent of People with Each Score
Percentile by Number Answered
Your Score History
You have not taken this quiz since the last reset